All 7 Letter Words that Begin With I - Statistics

General Stats
  • This quiz has been taken 12 times
  • The average score is 115 of 747
Answer Stats
% Correct
impales
80%
imports
80%
inching
80%
ingests
80%
injured
80%
injurer
80%
injures
80%
insects
80%
instant
80%
itching
80%
icicles
70%
imparts
70%
impasse
70%
Indians
70%
informs
70%
inkling
70%
inmates
70%
invests
70%
ideally
60%
idiotic
60%
ignored
60%
ignorer
60%
ignores
60%
illness
60%
immense
60%
impaled
60%
impaler
60%
incepts
60%
infects
60%
injects
60%
insides
60%
inspect
60%
inspire
60%
insures
60%
intents
60%
interns
60%
inverts
60%
invited
60%
inviter
60%
invites
60%
involve
60%
iodines
60%
itchier
60%
ivories
60%
imaging
50%
imitate
50%
immerse
50%
impacts
50%
impalas
50%
implode
50%
imposed
50%
imposer
50%
imposes
50%
impress
50%
improve
50%
incests
50%
incline
50%
indents
50%
indicus
50%
induced
50%
inducer
50%
induces
50%
inducts
50%
inertia
50%
infests
50%
inflame
50%
inkings
50%
inserts
50%
insults
50%
insured
50%
insurer
50%
invaded
50%
invader
50%
invades
50%
invents
50%
inverse
50%
Iranian
50%
ironing
50%
islands
50%
itemise
50%
itemize
50%
ickiest
40%
idolize
40%
igneous
40%
ignited
40%
igniter
40%
ignites
40%
impends
40%
implied
40%
imposts
40%
inboxes
40%
incense
40%
inclose
40%
include
40%
indexed
40%
indexer
40%
indexes
40%
indices
40%
indoors
40%
indulge
40%
infants
40%
inflate
40%
ingrown
40%
inkiest
40%
innings
40%
inquire
40%
insider
40%
insight
40%
insoles
40%
instead
40%
intakes
40%
integer
40%
intends
40%
intense
40%
intrust
40%
invalid
40%
invoked
40%
invoker
40%
invokes
40%
ironers
40%
isolate
40%
issuing
40%
Italian
40%
italics
40%
iambics
30%
Iberian
30%
identic
30%
ignoble
30%
iguanas
30%
imagers
30%
imbibes
30%
immuned
30%
immunes
30%
impairs
30%
impeach
30%
impeded
30%
impedes
30%
implant
30%
implies
30%
implore
30%
impound
30%
impulse
30%
incents
30%
incited
30%
inciter
30%
incites
30%
incluse
30%
incomes
30%
indigos
30%
indites
30%
indorse
30%
ineptly
30%
inferno
30%
infills
30%
inflows
30%
infract
30%
infused
30%
infuser
30%
infuses
30%
inhaled
30%
inhaler
30%
inhales
30%
initial
30%
inkwell
30%
inlayer
30%
innated
30%
inroads
30%
inshore
30%
insists
30%
install
30%
instars
30%
instate
30%
instill
30%
interna
30%
intoned
30%
intones
30%
intreat
30%
intrude
30%
invitee
30%
invoice
30%
irately
30%
ironies
30%
ironize
30%
issuers
30%
isthmus
30%
iteming
30%
ivoried
30%
iceberg
20%
iceboat
20%
icefall
20%
icefish
20%
ideates
20%
idolism
20%
idyllic
20%
iffiest
20%
illicit
20%
imagery
20%
imagine
20%
imbibed
20%
imbiber
20%
immerge
20%
immoral
20%
immures
20%
impaste
20%
impeder
20%
imperil
20%
implead
20%
impones
20%
imprint
20%
imputed
20%
imputes
20%
incisor
20%
incomer
20%
incross
20%
incubus
20%
incurve
20%
indeedy
20%
indican
20%
indicts
20%
indited
20%
inditer
20%
indults
20%
infancy
20%
infante
20%
infidel
20%
infight
20%
ingrain
20%
ingrate
20%
ingulph
20%
inhabit
20%
inherit
20%
inhibit
20%
inhuman
20%
injoint
20%
inkblot
20%
inlands
20%
innards
20%
Innuits
20%
inquest
20%
insaner
20%
inseams
20%
Insecta
20%
insipid
20%
inspeak
20%
instals
20%
insteps
20%
instils
20%
interim
20%
intoner
20%
intrant
20%
introit
20%
intuits
20%
inwards
20%
ionised
20%
ionises
20%
ionized
20%
ionizer
20%
ionizes
20%
iratest
20%
iridium
20%
irising
20%
ironist
20%
isobars
20%
isotone
20%
isotope
20%
Israeli
20%
itchily
20%
iambist
10%
Iapetus
10%
Icarian
10%
iceless
10%
ichnite
10%
iciness
10%
icteric
10%
icterus
10%
ideated
10%
ideatum
10%
idented
10%
idolist
10%
ignitor
10%
ignobly
10%
ileitis
10%
illegal
10%
illogic
10%
illuded
10%
illudes
10%
illumed
10%
illumes
10%
Ilocano
10%
Ilokano
10%
imagism
10%
imagoes
10%
imbosom
10%
imbrued
10%
imbrues
10%
imbuing
10%
immerit
10%
immixed
10%
immured
10%
impaint
10%
impanel
10%
imparls
10%
impasto
10%
impearl
10%
impedor
10%
impetus
10%
impious
10%
imponed
10%
impresa
10%
imprest
10%
improvs
10%
impugns
10%
inanely
10%
inanest
10%
inangas
10%
inanity
10%
inaptly
10%
inboard
10%
inbound
10%
inbreds
10%
inbreed
10%
incants
10%
incends
10%
incided
10%
incides
10%
incisal
10%
incised
10%
incises
10%
inclasp
10%
inconnu
10%
incrust
10%
indenes
10%
indicia
10%
indiums
10%
indoles
10%
indwell
10%
inearth
10%
inedita
10%
inequal
10%
inertly
10%
inexact
10%
infaces
10%
infamed
10%
infames
10%
infarct
10%
infares
10%
infield
10%
inflect
10%
inflict
10%
infolds
10%
infulae
10%
ingines
10%
ingoing
10%
ingraft
10%
injeras
10%
injunct
10%
inkjets
10%
inkpots
10%
inlarge
10%
innerly
10%
innerve
10%
innless
10%
inpaint
10%
inquiet
10%
inquiry
10%
insense
10%
insnare
10%
insoaks
10%
insular
10%
insulin
10%
interne
10%
intimas
10%
intines
10%
intitle
10%
introns
10%
intwine
10%
inuring
10%
invitor
10%
inweave
10%
iodides
10%
iodised
10%
iodises
10%
iodized
10%
iodizes
10%
iolites
10%
ioniums
10%
ipecacs
10%
ipseity
10%
iridize
10%
irrupts
10%
isabels
10%
Ishmael
10%
isidium
10%
Islamic
10%
isobath
10%
isochor
10%
isogram
10%
isohyet
10%
isoline
10%
isomers
10%
isoneph
10%
isonomy
10%
isopags
10%
isopods
10%
isotach
10%
isotron
10%
isotype
10%
Israels
10%
issuant
10%
iterant
10%
iterate
10%
Ivorian
10%
ixodids
10%
izzards
10%
Iatmuls
0%
Ibadhis
0%
Ibadite
0%
Ibalois
0%
Ibanags
0%
iberite
0%
Ibibios
0%
Ibidium
0%
icebone
0%
icelike
0%
Icenian
0%
iceroot
0%
Ichabod
0%
ichiban
0%
ichthus
0%
ichthys
0%
Iconian
0%
icotype
0%
Ictonyx
0%
ictuses
0%
idaeins
0%
Idahoan
0%
Idalian
0%
ideists
0%
idesias
0%
idiasms
0%
idigbos
0%
idiotry
0%
iditols
0%
idlebys
0%
idleman
0%
idlemen
0%
idleset
0%
idlesse
0%
Idothea
0%
Idumean
0%
idunits
0%
idyllia
0%
Ifugaos
0%
Igbaras
0%
Igbiras
0%
ignaros
0%
ignatia
0%
Igneris
0%
Igorots
0%
Igraine
0%
iguanid
0%
iguapes
0%
ihleite
0%
ijolite
0%
ikaries
0%
ikebana
0%
Ilavans
0%
ilesite
0%
ileuses
0%
iliacus
0%
Iliadic
0%
iliahis
0%
Illanun
0%
illapse
0%
illeism
0%
illeist
0%
illfare
0%
illipes
0%
illipis
0%
illites
0%
illitic
0%
illocal
0%
illupie
0%
illupis
0%
illuvia
0%
Illyric
0%
Ilongot
0%
Ilosone
0%
ilvaite
0%
imagist
0%
imamate
0%
imarets
0%
imbarns
0%
imbauba
0%
imbound
0%
imbrace
0%
imbrown
0%
imbrute
0%
imbuias
0%
imbuyas
0%
Imerina
0%
imitant
0%
immerds
0%
immixes
0%
Imohagh
0%
imonium
0%
impavid
0%
impawns
0%
imphees
0%
impiety
0%
impinge
0%
implume
0%
impofos
0%
impower
0%
impregn
0%
impregs
0%
imprese
0%
imprime
0%
impubic
0%
inbreak
0%
inbring
0%
inbuilt
0%
incarns
0%
incasts
0%
incavos
0%
incerta
0%
inchant
0%
inchase
0%
incipit
0%
incivic
0%
incivil
0%
inclips
0%
incompt
0%
increep
0%
incudal
0%
incudes
0%
indabas
0%
indanes
0%
indebts
0%
indicis
0%
indigen
0%
indolyl
0%
indoxyl
0%
indraft
0%
indrape
0%
indrawn
0%
indrids
0%
induing
0%
indulin
0%
indulto
0%
indunas
0%
indusia
0%
Inermia
0%
inesite
0%
inexist
0%
infalls
0%
infangs
0%
infanta
0%
infauna
0%
infaust
0%
infeeds
0%
infefts
0%
infeoff
0%
infixed
0%
infixes
0%
Ingalik
0%
ingates
0%
ingenue
0%
ingesta
0%
ingiver
0%
ingress
0%
Ingrian
0%
inguina
0%
inhauls
0%
inhaust
0%
inhered
0%
inheres
0%
inhibin
0%
inhumed
0%
inhumes
0%
injuria
0%
inkbush
0%
inkfish
0%
inkhorn
0%
inkless
0%
inkshed
0%
inkweed
0%
inkwood
0%
inlaiks
0%
inlaute
0%
inlauts
0%
inliers
0%
inlying
0%
inmarry
0%
inmeats
0%
innyard
0%
inocula
0%
inogens
0%
inosine
0%
inpours
0%
inradii
0%
inrings
0%
inscape
0%
insculp
0%
inshoot
0%
insigne
0%
insofar
0%
insooth
0%
insorbs
0%
inspake
0%
inspans
0%
inspoke
0%
insteep
0%
insulae
0%
insulse
0%
insurge
0%
intarsi
0%
inthrew
0%
inthrow
0%
intimae
0%
intimal
0%
intower
0%
intrada
0%
intrado
0%
intrail
0%
intrait
0%
introfy
0%
intuent
0%
intwist
0%
Inugsuk
0%
inulase
0%
inulins
0%
inuncts
0%
inunded
0%
Inupiaq
0%
Inupiat
0%
Inupiks
0%
inurned
0%
inutile
0%
inveigh
0%
invenit
0%
invigor
0%
invious
0%
inviron
0%
inwales
0%
inwalls
0%
inwicks
0%
inwound
0%
inwoven
0%
inyoite
0%
iodated
0%
iodates
0%
iodisms
0%
Ionians
0%
Ionisms
0%
ionogen
0%
ionomer
0%
Ipiutak
0%
ipodate
0%
ipomeas
0%
ipomoea
0%
Ipurina
0%
Iquitos
0%
iracund
0%
Irakian
0%
Iraqian
0%
irbises
0%
ireless
0%
irenics
0%
iresine
0%
Iricism
0%
iricize
0%
iridial
0%
iridian
0%
iridica
0%
iridins
0%
Irisher
0%
Irishes
0%
Irishly
0%
Irishry
0%
irisins
0%
irksome
0%
ironish
0%
irrisor
0%
iruskas
0%
isagoge
0%
isatins
0%
Isawiya
0%
ischial
0%
ischium
0%
Iseults
0%
Isiacal
0%
Isinais
0%
isleman
0%
islemen
0%
Isletas
0%
isleted
0%
Ismaili
0%
ismenes
0%
isoamyl
0%
isobase
0%
isodont
0%
isodose
0%
isodrin
0%
isoetes
0%
isoform
0%
isogams
0%
isogamy
0%
isogens
0%
isogony
0%
isogriv
0%
isogyre
0%
isohels
0%
isolant
0%
isolato
0%
isologs
0%
isoloma
0%
isomere
0%
isomery
0%
isopach
0%
Isopoda
0%
isopors
0%
isopter
0%
isospin
0%
isoster
0%
isotacs
0%
isotopy
0%
Isotria
0%
isourea
0%
isozyme
0%
isthmic
0%
Istrian
0%
itacism
0%
itacist
0%
Italiot
0%
itaubas
0%
itinera
0%
Itonama
0%
Iturean
0%
Iulidae
0%
Ivatans
0%
ivorine
0%
ivraies
0%
ivyweed
0%
ivywood
0%
ixnayed
0%
ixodoid
0%
No matching quizzes found
Score Distribution
Percent of People with Each Score
Percentile by Number Answered
Your Score History
You have not taken this quiz